Stručné dějiny diplomacie

Saved in:
Bibliographic Details
Main Author: Adamová, Karolina
Other Authors: Křížkovský, Ladislav
Format: Book
Language:Czech
Published: Praha C.H. Beck 2002
Series:Beckovy mezioborové učebnice
Subjects:
Tags: Add Tag
No Tags, Be the first to tag this record!

MARC

LEADER 00000nam a2200000 4500
001 c141575
005 20221124093031.8
020 |a 80-7179-309-4 
041 0 |a cze 
044 |a CZ 
245 1 0 |a Stručné dějiny diplomacie  |c Karolina Adamová - Ladislav Křížkovský 
264 1 |a Praha  |b C.H. Beck  |c 2002 
300 |a 346 s. 
490 1 |a Beckovy mezioborové učebnice 
830 0 |a Beckovy mezioborové učebnice 
610 2 0 |a diplomacia 
610 2 0 |a dejiny 
610 2 0 |a vzťahy politické medzinárodné 
610 2 0 |a vývoj spoločenský 
610 2 0 |a svet 
100 1 |a Adamová, Karolina 
700 1 |a Křížkovský, Ladislav